Lengua y cultura: estudios en torno a la traducción

Saved in:
Bibliografiske detaljer
Main Authors: Vega, Miguel Angel (Author), Martín-Gaitero, Rafael (Author)
Format: Bog
Sprog:spansk
Udgivet: Madrid Instituto Universitario de Lenguas Modernas y Traductores 1999
Fag:
Tags: Tilføj Tag
Ingen Tags, Vær først til at tagge denne postø!

MARC

LEADER 00000cam a2200000 a 4500
001 UCF8036
003 CL-VaPUC
005 20201104181655.0
008 130725e19990000sp 1 spa d
020 |a 8489784892 
082 0 4 |a 306.44  |b VEG  |2 21 
100 1 |a Vega, Miguel Angel  |e author  |9 621999 
700 1 |a Martín-Gaitero, Rafael  |e author  |9 622000 
245 1 0 |a Lengua y cultura: estudios en torno a la traducción 
260 |a Madrid  |b Instituto Universitario de Lenguas Modernas y Traductores  |c 1999 
300 |a v 
583 |a last modification  |c 20130725 12:05:00  |k Rodrigo Vera 
650 0 0 |a Sociolingüística  |9 263716 
650 0 0 |a Lingüística aplicada   |9 313266 
650 0 0 |a Traducción e interpretación  |9 315998 
942 |c BK 
945 |a cmena  |d 20130725 00:00:00 
546 |a En Español 
536 |a Universidad Complutense de Madrid 
518 |p Encuentros Complutenses en Torno a la Traducción, 7, Madrid, 24 al 29 de noviembre de 1997 
999 |c 384737  |d 384735 
952 |0 0  |1 0  |4 0  |6 306_440000000000000_VEG_1999  |7 0  |8 A  |9 507668  |a BIBEDU  |b BIBEDU  |d 2020-01-23  |h v.2  |i 4841522  |o 306.44 VEG 1999  |p 4841522  |r 2020-01-23  |w 2020-01-23  |y BK  |k LIT